000 00565nam a2200193 i 4500
001 59127
003 ES-MaACL
005 20250807081300.0
007 t|
008 031027s1964 sp |||| | spa d
100 1 _aElia, Mario.
_946951
245 1 0 _aMatrimonio en crisis /
_cMarie Elia ; versión española por José Zahonero Vivé.
260 _aAlcoy :
_bMarfil,
_c1964.
300 _a384 p. ;
_c21 cm.
650 0 7 _aMatrimonio
_2embne
_914855
700 1 _aZahonero Vivó, José.
_9117851
852 _aES-MaACL
_jC-25622
999 _c59127
_d59127